LEADER 01177nam a2200289 i 4500 001 991001857959707536 008 051021s2002 cc 000 0 eng d 020 $a0596002726 035 $ab13438414-39ule_inst 040 $aDip.to Ingegneria dell'Innovazione$beng 082 0 $a005.446$221 245 00$aRunning Linux /$cMatt Welsh ... [et al.] 250 $a4th ed. 260 $aBeijing :$bO'Reilly,$c2002 300 $a672 p. :$bill. ;$c24 cm 650 4$aLinux 700 1 $aKaufman, Lar 700 1 $aDawson, Terry 700 1 $aWelsh, Matt$eauthor$4http://id.loc.gov/vocabulary/relators/aut$021989 700 1 $aDalheimer, Matthias Kalle 907 $a.b13438414$b21-09-06$c18-09-06 912 $a991001857959707536 945 $aLE026 005.446 D WEL 01.01 C.1 2002$cC.1$g1$i2026000028934$lle026$nProf. Tommasi / Biblioteca$op$pE48.28$q-$rn$s- $t1$u0$v0$w0$x0$y.i14293213$z19-09-06 945 $aLE026 005.446 D WEL 01.01 C.2 2002$cC.2$g0$i2026000028941$lle026$nProf. Tommasi / Biblioteca$op$pE48.28$q-$rl$s- $t0$u6$v6$w6$x0$y.i14293225$z19-09-06 996 $aRunning linux$9474100 997 $aUNISALENTO 998 $ale026$b21-10-05$cm$da $e-$feng$gcc $h0$i0 LEADER 02563nam 2200721 450 001 9910797012903321 005 20230807214353.0 010 $a3-11-055419-4 010 $a3-11-040886-4 010 $a3-11-040890-2 024 7 $a10.1515/9783110408867 035 $a(CKB)3710000000393037 035 $a(EBL)2028774 035 $a(SSID)ssj0001559322 035 $a(PQKBManifestationID)16186127 035 $a(PQKBTitleCode)TC0001559322 035 $a(PQKBWorkID)14820205 035 $a(PQKB)10229402 035 $a(DE-B1597)445271 035 $a(OCoLC)979633626 035 $a(DE-B1597)9783110408867 035 $a(MiAaPQ)EBC2028774 035 $a(Au-PeEL)EBL2028774 035 $a(CaPaEBR)ebr11049403 035 $a(CaONFJC)MIL807865 035 $a(OCoLC)909903529 035 $a(EXLCZ)993710000000393037 100 $a20150509h20152015 uy 0 101 0 $ager 135 $aur|n|---||||| 181 $ctxt 182 $cc 183 $acr 200 10$aIn der strafkolonie $eerza?hlung (1919) /$fFranz Kafka ; Mit Kommentaren von Roberto Bartoli und Renate Werner 210 1$aBerlin, [Germany] ;$aMunich, [Germany] ;$aBoston, [Massachusetts] :$cWalter de Gruyter GmbH,$d2015. 210 4$d©2015 215 $a1 online resource (125 p.) 225 0 $aJuristische Zeitgeschichte. Abteilung 6: Recht in der Kunst - Kunst im Recht ;$vBand 44 300 $aDescription based upon print version of record. 311 $a3-11-040887-2 311 $a3-11-040883-X 327 $tFrontmatter -- $tInhaltsverzeichnis -- $tIN DER STRAFKOLONIE / $rKafka, Franz -- $tKOMMENTARE -- $t"Dann ist das Gericht zu Ende". Rechtliche Betrachtungen zu Kafkas Erzählung "In der Strafkolonie" / $rBartoli, Roberto -- $t"Jetzt geschieht Gerechtigkeit".Anmerkungen zu Franz Kafkas "In der Strafkolonie" / $rWerner, Renate -- $tBackmatter 410 0$aJuristische Zeitgeschichte / Abteilung 6 606 $aLaw$xLaw, other 606 $3(DE-601)104500719$3(DE-588)4136710-8$aKommentar$2gnd 606 $aLAW / General$2bisacsh 608 $aNovellas.$2lcgft 608 $aLiterary criticism.$2lcgft 615 0$aLaw$xLaw, other. 615 7$aKommentar 615 7$aLAW / General. 676 $a833.912 686 $aPC 5350$2rvk 700 $aKafka$b Franz$0155661 702 $aBartoli$b Roberto 702 $aWerner$b Renate 801 0$bMiAaPQ 801 1$bMiAaPQ 801 2$bMiAaPQ 906 $aBOOK 912 $a9910797012903321 996 $aIn der Strafkolonie$930818 997 $aUNINA